Two Letter Periodic Table Symbols - A - Sudden Death - Statistics

General Stats
  • This quiz has been taken 27 times
  • The average score is 5 of 8
Answers on the Grid
Answers color-coded by a green-red scale on the quiz's grid according to % correct below.
A
Aa
Ab
Ac
Ad
Ae
Af
Ag
Ah
Ai
Aj
Ak
Al
Am
An
Ao
Ap
Aq
Ar
As
At
Au
Av
Aw
Ax
Ay
Az
 
Answer Stats
Answer % Correct
Aluminium Al
82%
Gold Au
82%
Silver Ag
76%
Argon Ar
76%
Arsenic As
65%
Actinium Ac
53%
Astatine At
47%
Americium Am
41%
No matching quizzes found
Score Distribution
Percent of People with Each Score
Percentile by Number Answered
Your Score History
You have not taken this quiz